Les meilleures nations aux Jeux Olympiques (depuis 2000) - Statistiques

Statistiques générales
  • Ce quiz a été pris 617 fois
  • Le résultat moyen est 16 sur 20
Statistiques - réponses
Classement Pays Médailles d'or % Correct
1er Etats-Unis 237
100%
8e France 65
100%
2e Chine 187
99%
5e Grande-Bretagne 98
97%
11e Japon 51
97%
3e Russie 154
97%
4e Allemagne 111
96%
9e Italie 58
96%
7e Australie 67
94%
12e Canada 51
92%
6e Corée du Sud 69
86%
10e Pays-Bas 55
80%
13e Norvège 47
78%
20e Pologne 21
76%
16e Suisse 29
73%
19e Autriche 24
66%
18e Ukraine 25
62%
14e Hongrie 35
61%
17e Roumanie 26
51%
15e Cuba 32
37%
Aucun quiz correspondant
Distribution des résultats
% des personnes avec chaque résultat
Percentile par nombre de réponses
Votre historique - résultats
Vous n’avez pas pris ce quiz